Países com J em seu nome - Statistics

General Stats
  • This quiz has been taken 71 times
  • The average score is 3 of 7
Answer Stats
Continente País % Correct
América do Norte Jamaica
98%
Ásia Japão
84%
Ásia Jordânia
76%
África Djibouti
13%
Oceânia Fiji
11%
Ásia Tajiquistão
11%
Ásia Azerbaijão
9%
No matching quizzes found
Score Distribution
Percent of People with Each Score
Percentile by Number Answered
Your Score History
You have not taken this quiz